[Event "Ruhrgebiet Verbandsklasse Gruppe 2 1516"]
[Site "Germany"]
[Date "2016.03.20"]
[Round "8.5"]
[White "Wloka, Sebastian"]
[Black "Bolze, Wolfgang"]
[Result "1-0"]
[WhiteElo "1861"]
[BlackElo "1527"]
[PlyCount "47"]
[EventDate "2015.09.06"]
[EventType "team-tourn"]
[EventRounds "9"]
[EventCountry "GER"]
[SourceTitle "EXT 2022"]
[Source "ChessBase"]
[SourceDate "2021.10.06"]
[SourceVersion "1"]
[SourceVersionDate "2021.10.06"]
[SourceQuality "1"]
[WhiteTeam "Eichlinghofen SV"]
[BlackTeam "Ickern"]
[WhiteTeamCountry "GER"]
[BlackTeamCountry "GER"]

1. d4 b6 2. e4 Bb7 3. Bd3 e6 4. Nf3 d6 5. 0-0 g6 6. Bg5 f6 7. Be3 Bg7 8. Re1 Nd7 9. h4 Qe7 10. a4 Nh6 11. a5 0-0-0 12. axb6 axb6 13. Ba6 c6 14. Qd3 Kc7 15. Bxb7 Rb8 16. Ba6 f5 17. Bg5 Qf7 18. Nc3 Ng4 19. d5 Nc5 20. Qd2 h6 21. dxe6 Qxe6 22. exf5 Qxf5 23. Re7+ Nd7 24. Bd3 1-0